00494 2200181 4500245003000000020001800030250001100048100001500059700001200074650002000086005001900106260003000125041001400155084000800169300002600177500010000203336000900303 aMissingcRuwi MeitahText a979-780-005-9 aCet. 1 aRuwi Meita aMiranda aNovel Indonesia a20231005115047 aJakartabGagasMediac2005 aIndonesia a813 ax. 168 hlm. :c19 cm. aSosok hitam itu bergerak maju, memisahkan diri dari ribuan kunang-kunang yang mengerebunginya. atext